| 000 | 00454nam a22001817a 4500 | ||
|---|---|---|---|
| 003 | CEME | ||
| 005 | 20210628210131.0 | ||
| 008 | 210215b xxu||||| |||| 00| 0 eng d | ||
| 020 | _a81-7635-310-8 | ||
| 040 | _c. | ||
| 082 | _a005.3 KAR | ||
| 100 |
_aKarlins, David _978228 |
||
| 245 | _aSams teach yourself coreldraw 9 in 24 hours | ||
| 260 |
_aNEW DELHI _bTECHMEDIA _c1999 |
||
| 300 | _aXV,414P | ||
| 650 |
_aCORELDRAW 9 _978229 |
||
| 942 |
_cBK _2ddc |
||
| 999 |
_c583385 _d583385 |
||